000 00826cab a2200229 4500
001 WB2815-43
008 090401t1992 xxu||||| |||| 00| 0 eng d
035 _a(Sirsi) u73277
041 _aeng
245 _aFee competition
260 _c1992
350 _a0
490 _aEstates Gazette
_v(9213) 4 April 1992, 124(1)
520 _aGuidance from the Consultant Quantity Surveyors` Association urges clients to regard the lowest bid only as a final determinant, once experience and expertise have been taken into account. "Fee competition - recommendations to clients" (CQSA 1992).
650 _aCOMPETITIVE FEE TENDERING
650 _aFEES
650 _aQUANTITY SURVEYORS
650 _aTWO-ENVELOPE SYSTEM
690 _aMANAGEMENT-BUSINESS MANAGEMENT-PROFESSIONAL PRACTICE
942 _n0
948 _c04/03/1997
999 _c46340
_d46340